| 000 | 00363nam a2200145Ia 4500 | ||
|---|---|---|---|
| 008 | 220216s9999 xx 000 0 und d | ||
| 100 | _aMajumdar S | ||
| 245 | 0 | _aTechnology on rubber foam.Part.2 | |
| 260 |
_bRubber India _c2020 |
||
| 300 | _a56-70 | ||
| 650 | _aLAtex foam cushion | ||
| 650 | _aNatural latex coir foam | ||
| 650 | _aRubber foam | ||
| 942 | _cJS | ||
| 999 |
_c70354 _d70354 |
||